Random Easy Flag to Country - Statistics

General Stats
  • This quiz has been taken 7,701 times
  • The average score is 8 of 10
Answer Stats
Picture Answer % Correct
United Kingdom
97%
Brazil
96%
Canada
96%
Japan
96%
France
95%
India
95%
Greece
94%
Italy
94%
South Korea
94%
Spain
94%
United States
94%
Argentina
93%
Germany
93%
South Africa
93%
Sweden
93%
Ukraine
93%
Australia
92%
Ireland
92%
Israel
92%
Mexico
92%
Switzerland
92%
Belgium
91%
China
91%
Denmark
91%
Finland
91%
Jamaica
91%
Norway
90%
Portugal
90%
Croatia
89%
Cyprus
89%
Lebanon
89%
Netherlands
89%
New Zealand
89%
Poland
89%
Saudi Arabia
89%
Turkey
89%
Albania
88%
Iceland
88%
Iran
88%
North Macedonia
88%
Russia
88%
Georgia
87%
Nepal
87%
Qatar
87%
Pakistan
86%
Egypt
85%
North Korea
85%
Bangladesh
84%
Chile
84%
Nigeria
84%
Romania
84%
Serbia
84%
Vatican City
84%
Vietnam
84%
Estonia
83%
Iraq
83%
Morocco
83%
Uruguay
83%
Austria
81%
Kenya
81%
Philippines
81%
Sri Lanka
81%
Thailand
80%
Colombia
79%
Cuba
79%
Czechia
79%
Hungary
79%
Ivory Coast
79%
Kazakhstan
79%
Latvia
79%
Malaysia
79%
Malta
79%
Slovakia
79%
Venezuela
79%
Belarus
78%
Bosnia andHerzegovina
78%
Bulgaria
78%
Kosovo
78%
Panama
78%
Singapore
78%
Luxembourg
77%
San Marino
77%
Slovenia
77%
Afghanistan
76%
Bhutan
76%
Indonesia
76%
Taiwan
76%
Cambodia
75%
Monaco
75%
Syria
74%
Tunisia
74%
Algeria
72%
Barbados
71%
Peru
71%
Angola
70%
DominicanRepublic
68%
Papua NewGuinea
67%
Trinidad andTobago
67%
Honduras
65%
Cameroon
63%
Eswatini
56%
No matching quizzes found
Score Distribution
Percent of People with Each Score
Percentile by Number Answered
Your Score History
You have not taken this quiz